| 000 | 00691nam a2200217 u 4500 | ||
|---|---|---|---|
| 005 | 20220525152509.0 | ||
| 008 | 131008s2012 r 000 0 eng d | ||
| 020 | _a9786073107914 | ||
| 035 | _aUPN01000193584 | ||
| 049 | _aCG | ||
| 050 | 4 |
_aPQ2713 A4.9 _bM4.7 |
|
| 100 | 1 |
_aMalzieu, Mathias, _d1974- _934469 |
|
| 245 | 1 | 0 |
_aMetamorfosis en el cielo / _cMathias Malzieu ; tr. Sofia Tros De Ilarduya. |
| 260 |
_aMéxico : _bRandom House Mondadori, _c2012. |
||
| 300 | _a146 p. | ||
| 534 |
_pTítulo original: _tMétamorphose en bord de ciel |
||
| 650 | 4 |
_aLITERATURA FRANCESA - _ySIGLO XXI _922524 |
|
| 650 | 2 |
_aNovela francesa _ySiglo XXI _922525 |
|
| 905 | _aLibro | ||
| 999 |
_c165685 _d165685 |
||